Vista normal Vista MARC
  • Desigualdades estructurales

Entrada Topical Term

Número de registros utilizados en: 1

001 - CONTROL NUMBER

  • control field: 19852

003 - CONTROL NUMBER IDENTIFIER

  • control field: AR-BaUME

005 - DATE AND TIME OF LATEST TRANSACTION

  • control field: 20200228184645.0

008 - FIXED-LENGTH DATA ELEMENTS

  • fixed length control field: 200228|| aca||aabn | a|a d

040 ## - CATALOGING SOURCE

  • Original cataloging agency: AR-BaUME
  • Transcribing agency: AR-BaUME

150 ## - HEADING--TOPICAL TERM

  • Topical term or geographic name entry element: Desigualdades estructurales

670 ## - SOURCE DATA FOUND

  • Source citation: Work cat.: (AR-BaUME): 2726 Bohoslavsky, Juan Pablo, El impacto de las reformas ecnoómicas y las medidas de austeridad sobre los derechos de las mujeres / , 2018.
CITRA CONICET-UMET
Sarmiento 2037 7° Venezuela 356 2° Sarmiento 2058
[email protected] [email protected] [email protected]

Con tecnología Koha